Nommez un voisin pour chaque État Américain - Statistiques

Statistiques générales
  • Ce quiz a été pris 27 fois
  • Le résultat moyen est 32 sur 48
Statistiques - réponses
État Frontières % Correct
Alabama
100%
Arizona
100%
Californie
100%
Caroline du Nord
100%
Caroline du Sud
100%
Colorado
100%
Arkansas
94%
Dakota du Nord
94%
Dakota du Sud
94%
Floride
88%
Géorgie
88%
Connecticut
82%
Idaho
82%
Louisiane
82%
Illinois
76%
Kentucky
76%
Delaware
71%
Indiana
71%
Kansas
71%
Montana
71%
Nouveau-Mexique
71%
Massachusetts
65%
Minnesota
65%
New York
65%
Maryland
59%
Michigan
59%
Mississipi
59%
Nevada
59%
New Jersey
59%
Iowa
53%
Maine
53%
Missouri
53%
Nebraska
53%
Oklahoma
53%
New Hampshire
47%
Ohio
47%
Oregon
47%
Tennessee
47%
Utah
47%
Vermont
47%
Washington
47%
Pennsylvanie
41%
Texas
41%
Virginie
41%
Virginie Occidentale
41%
Wyoming
41%
Rhode Island
35%
Wisconsin
29%
Aucun quiz correspondant
Distribution des résultats
% des personnes avec chaque résultat
Percentile par nombre de réponses
Votre historique - résultats
Vous n’avez pas pris ce quiz